| 000 | 00613nam a2200229Ia 4500 | ||
|---|---|---|---|
| 008 | 160803s9999 xx 000 0 und d | ||
| 020 | _a978059040601 | ||
| 100 | _aCole, Joanna | ||
| 245 | 4 | _aThe magic school bus inside the Earth / | |
| 245 | _cby Joanna Cole ; illustrated by Bruce Degen. | ||
| 260 | _aNew York : | ||
| 260 | _bScholastic Inc. | ||
| 260 | _c1987 | ||
| 300 | _a40 pages : | ||
| 300 | _bcolor illustrations ; | ||
| 300 | _c20 cm. | ||
| 440 | _aThe Magic school bus ; | ||
| 440 | _vvol. 7. | ||
| 650 | _aPhysical geology -- | ||
| 650 | _xJuvenile literature. | ||
| 700 | _a500 | ||
| 999 |
_c299032 _d299032 |
||